Library of the University of Algiers 3
Ibrahim Sultan Cheibout
شعار جامعة الجزائر 3
مكتبة جامعة الجزائر 3
إبراهيم سلطان شيبوط

محاسبة الشركات / (رقم التسجيلة. 43075)

تفاصيل مارك
000 -LEADER
fixed length control field 01433nam a2200241Ia 4500
003 - CONTROL NUMBER IDENTIFIER
control field Ost
005 - DATE AND TIME OF LATEST TRANSACTION
control field 20260507075120.0
008 - FIXED-LENGTH DATA ELEMENTS--GENERAL INFORMATION
fixed length control field 260507s9999||||xx |||||||||||||| ||und||
040 ## - CATALOGING SOURCE
Transcribing agency fsecg
041 ## - LANGUAGE CODE
Language code of text/sound track or separate title ara
082 ## - DEWEY DECIMAL CLASSIFICATION NUMBER
Classification number 657.95
100 ## - MAIN ENTRY--PERSONAL NAME
Personal name الأخرس، عاطف
Relator term مؤلف
245 #0 - TITLE STATEMENT
Title محاسبة الشركات /
Statement of responsibility, etc. عاطف الأخرس
260 ## - PUBLICATION, DISTRIBUTION, ETC.
Place of publication, distribution, etc. عمان:
Name of publisher, distributor, etc. دار البركة للنشر والتوزيع,
Date of publication, distribution, etc. 2001
300 ## - PHYSICAL DESCRIPTION
Extent 301 صفحة؛
Other physical details إيضاحات ؛
Dimensions 24 سم
504 ## - BIBLIOGRAPHY, ETC. NOTE
Bibliography, etc. note المراجع ص.301
520 ## - SUMMARY, ETC.
Summary, etc. المدخل الى محاسبة الشركات- المعالجة المحاسبية للشركات العادية- الأبعاد القانونية لعمليات الجرد والحسابات الختامية والقوائم المالية- المعالجة المحاسبية لفسخ الشركة العادية وتصفيتها- الشركات المساهمة العامة- الحسابات الختامية والميزانية العمومية- الإحتياطات والمخصصات- تصفية الشركة المساهمة العامة وفسخها- الشركات المساهمة الخصوصية( الشركات ذات المسؤولية المحدودة)
653 ## - INDEX TERM--UNCONTROLLED
Uncontrolled term الشركات- المحاسبة
653 ## - INDEX TERM--UNCONTROLLED
Uncontrolled term المحاسبة
653 ## - INDEX TERM--UNCONTROLLED
Uncontrolled term محاسبة الشركات
700 ## - ADDED ENTRY--PERSONAL NAME
Personal name عليان، شريف وآخرون
Relator term مؤلف ثانوي
942 ## - ADDED ENTRY ELEMENTS (KOHA)
Koha item type كتب

لا توجد مواد متاحة.

موارد الويب المفتوحة


© University of Algiers 3 All Rights Reserved
|
Implemented by LECHELAH Riad